| 000 | 00864nam a2200229 u 4500 | ||
|---|---|---|---|
| 005 | 20240809063818.0 | ||
| 008 | 181122s2006 mx r 000 0 spa d | ||
| 020 | _a9702709326 | ||
| 035 | _aUPN01000228062 | ||
| 049 | _aCG | ||
| 050 | 4 |
_aSB177 L8.5 _bL8.6 |
|
| 245 | 0 | 0 |
_aLupinos del occidente de México : _bestudios biológico, bioquímico y toxicológico / _cJacinto Bañuelos Pineda ... [et al.]. ; colab. Pedro Macedonio García López. |
| 260 |
_aGuadalajara : _bUniversidad de Guadalajara, _c2006. |
||
| 300 |
_a126 p. : _bil., gráfs., cuadros |
||
| 440 | 0 | _aFomento de la producción académica de profesores con ferfil PROMEP | |
| 650 | 4 |
_aLUPINOS - _zMEXICO _927298 |
|
| 650 | 4 |
_aLEGUMINOSAS - _zMEXICO _927299 |
|
| 650 | 4 |
_aAlimentos _xComposición _92222 |
|
| 700 | 1 |
_aBañuelos Pineda, Jacinto, _ecoaut. |
|
| 905 | _aLibro | ||
| 999 |
_c200157 _d200157 |
||